000 00667nam a2200241Ia 4500
003 OSt
005 20220925221711.0
006 a|||||r|||| 00| 0
007 ta
008 220923b |||||||| |||| 00| 0 eng d
037 _cGeneral Book
040 _aRTL
_cRTL
_beng
041 _2eng
_aeng
082 _aX61, N8/TD
100 _aWalsh Carl E.
245 0 _aMonetary Theory and Polity
260 _aLondon
_bMIT Press UK
_c1998
300 _a528p.
_ccm.
490 _aProfessional and Trade Series
500 _aBibliography:p 374-79; Glossary: p 380-86
942 _hX61, N8/TD
_cGB
_2CC
999 _c575107
_d575107